Quiz o powiecie przemyskim - Statystyki

Ogólne statystyki
  • Ten quiz został rozwiązany 12 razy
  • Średni wynik to 8 z 21
Statystyki odpowiedzi
Pytanie Odpowiedź % Poprawnych
Tablice rejestracyjne powiatu RPR
100%
Najdłuższa rzeka przepływająca przez powiat San
100%
Największe Przejście Graniczne na terenie powiatu Medyka-Szeginie
70%
Miejscowość która odzyskała prawa miejskie w 2024 roku Bircza
50%
Nazwa jedynego arboretum w województwie Arboretum w Bolestraszycach
40%
Starosta przemyska od 2024 roku Bożena Ryczan
40%
Gdzie znajduje się Muzeum Skamieniałości i Minerałów Dubiecko
40%
Jeden z głównych przedstawicieli polskiego oświecenia. Nazywany „księciem poetów polskich”. Urodzony w Dubiecku Ignacy Krasicki
40%
Najludniejsza wieś na terenie powiatu Żurawica
40%
Nazwa jednego z nadleśnictw z siedzibą w powiecie Bircza | Krasiczyn
30%
Sanktuarium które ufundował Andrzej Fredro Kalwaria Pacławska
30%
Miasto w latach 1444–1888, obecnie najmniejsza miejscowość gminna powiatu Krzywcza
30%
Nazwa jednego z głównych fortów pierścienia zewnętrznego Twierdzy Przemyśl Salis-Soglio | Jaksmanice | Łuczyce | Optyń | Grochowce | Helicha | Prałkowce | Łętownia | Brunner | Orzechowce | Duńkowiczki | Werner | San Rideau | Hurko | Borek
30%
Czteroskrzydłowa rezydencja z czterema basztami Zamek w Krasiczynie
30%
Na terenie tej miejscowości znajduje się jedyna w Polsce kopalnia diatomitu Jawornik Ruski
20%
Gdzie znajduje się powstała w 2010 roku Wioska Fantasy Kuńkowce
20%
Nazwa lotniska na terenie powiatu Lotnisko Arłamów
20%
Na jakim prawie powyższa miejscowość była ulokowana? Prawo Wołoskie
20%
Wieś nazywana stolicą bociana ze względu na dużą liczbę tych ptaków występujących w całej gminie Stubno
20%
Nazwa projektowanego Parku Narodowego Turnicki PN
20%
Firma transportowa mająca siedzibę w Malawie pod Birczą Eurobus
10%
Nie znaleziono quizów pasujących do podanych kryteriów
Rozkład punktacji
Procent ludzi z każdym wynikiem
Percentyl według liczby udzielonych odpowiedzi
Twoja historia wyników
Nie rozwiązałeś tego quizu